<?xml version="1.0" encoding="UTF-8"?>
<marc:record xmlns:marc="http://www.loc.gov/MARC21/slim">
   <marc:leader>00000nam a2200000 a 4500</marc:leader>
   <marc:datafield ind1="0" ind2="0" tag="245">
      <marc:subfield code="a">Ich bin (manchmal) schüchtern</marc:subfield>
   </marc:datafield>
   <marc:datafield ind1=" " ind2="1" tag="264">
      <marc:subfield code="a">Regensburg</marc:subfield>
      <marc:subfield code="b">Usborne</marc:subfield>
      <marc:subfield code="c">2024</marc:subfield>
   </marc:datafield>
   <marc:datafield ind1="1" ind2=" " tag="490">
      <marc:subfield code="a">Fast-immer-Reihe</marc:subfield>
   </marc:datafield>
   <marc:datafield ind1=" " ind2=" " tag="250">
      <marc:subfield code="a">1. Auflage</marc:subfield>
   </marc:datafield>
   <marc:datafield ind1="1" ind2=" " tag="520">
      <marc:subfield code="a">Schüchtern? Kein Problem!&#xD;
&#xD;
&#xD;
&#xD;
Manchmal bin ich schüchtern, doch das ist gar nicht schlimm! Denn wenn ich meine Schüchternheit erst einmal überwunden habe, bin ich fröhlich, quassle pausenlos und hopse auf und ab. Willst du wissen, wie das geht? Dieses Buch erklärt einfühlsam, dass ALLE Menschen manchmal schüchtern sind und wie man mit etwas Mut und Zeit die Schüchternheit bewältigt.&#xD;
&#xD;
&#xD;
&#xD;
• Erklärt das Gefühl der Schüchternheit kindgerecht und verständnisvoll: neue Umgebungen und Menschen können Angst machen und das ist okay&#xD;
&#xD;
• Zeigt Strategien, wie man mit seiner Schüchternheit umgeht und warum sie manchmal sogar gut ist&#xD;
&#xD;
• Mit vielen filigranen Laserschnitten, die dem Buch einen besonders hochwertigen Charakter verleihen</marc:subfield>
   </marc:datafield>
   <marc:datafield ind1=" " ind2=" " tag="020">
      <marc:subfield code="a">9781035701292</marc:subfield>
      <marc:subfield code="9">9781035701292</marc:subfield>
   </marc:datafield>
   <marc:datafield ind1=" " ind2=" " tag="020">
      <marc:subfield code="a">1035701294</marc:subfield>
      <marc:subfield code="9">1035701294</marc:subfield>
   </marc:datafield>
   <marc:datafield ind1=" " ind2=" " tag="041">
      <marc:subfield code="a">ger</marc:subfield>
   </marc:datafield>
   <marc:datafield ind1=" " ind2=" " tag="300">
      <marc:subfield code="a">24 Seiten</marc:subfield>
   </marc:datafield>
</marc:record>
